Aurelio Espinosa Polit

Gorde:
Xehetasun bibliografikoak
Formatua: Liburua
Hizkuntza:gaztelania
Argitaratua: Quito Corporación de Estudios y Publicaciones 1995
Saila:Biblioteca Ecuatoriana Clásica, 38
Gaiak:
Etiketak: Etiketa erantsi
Etiketarik gabe, Izan zaitez lehena erregistro honi etiketa jartzen!

MARC

LEADER 00000nam a2200000 a 4500
001 UCM1763
003 CL-VaPUC
008 020412e19950000EC |||||||||||||||||spa|d
082 0 4 |a 986.6  |b AUR  |2 21 
245 1 0 |a Aurelio Espinosa Polit 
300 |a 577 p 
942 |c BK 
945 |d 20020412 00:00:00  |a cmena 
260 |a Quito  |b Corporación de Estudios y Publicaciones  |c 1995 
600 0 7 |a ESPINOSA POLIT, AURELIO  |2 CL-VaPUC  |9 468594 
650 7 |a HISTORIA ECUATORIANA  |2 CL-VaPUC  |9 393516 
583 |a last modification  |c 20020412 00:00:00  |k Rodrigo Vera 
490 0 |a Biblioteca Ecuatoriana Clásica, 38 
999 |c 300004  |d 300002 
952 |0 0  |1 0  |4 0  |6 986_600000000000000_AUR_1995  |7 0  |8 P  |9 357276  |a BIBEDU  |b BIBEDU  |c BIBEDU_PB  |d 2019-11-21  |i 3670899  |o 986.6 AUR 1995  |p 3670899  |r 2024-01-25  |w 2019-11-21  |y BK  |k LIT